000 00853nam a2200277 i 4500
001 bg
100 1 _aZIELIŃSKI, Bartłomiej
245 1 0 _aUkłady mikroprocesorowe :
_bprzykłady rozwiązań /
_cBartłomiej Zieliński.
260 _aGliwice :
_b"Helion",
_c2002.
300 _a130 s. :
_bil. ;
_c24 cm.
490 1 _aUkłady Mikroprocesorowe
504 _aBibliogr.
650 9 _aMikroprocesor
650 9 _aUkłady cyfrowe
650 9 _aUkłady scalone
655 _aPodręczniki
830 _aUkłady Mikroprocesorowe
020 _a8371977026
040 _cBPK
041 0 _apol
080 _a004.31:621.3.049.77](07)
920 _a83-7197-702-6
942 _cKS
008 s pl f |000 0 pol
999 _c44464
_d44464
856 _uhttp://koha.tu.koszalin.pl/cgi-bin/koha/opac-detail.pl?biblionumber=44464
_yKatalog online BPK